| 000 | 00469cam a2200181ua 4500 | ||
|---|---|---|---|
| 020 |
_a81 85004 07 2 _c250.00 |
||
| 041 |
_aeng _h |
||
| 082 |
_a028.75011 _bSHE/IN |
||
| 100 | _aShersingh, . | ||
| 245 |
_aIndian books in print vol-2 / _cShersingh. _hTextual Documents |
||
| 250 |
_a1 / _b. |
||
| 260 |
_aDelhi : _bIndian bibliographies Bureau , _c1986. |
||
| 300 | _a912 ; . | ||
| 365 | _a250.00 | ||
| 504 | _a | ||
| 942 | _cBK | ||
| 999 |
_c8661 _d8661 |
||